000
00479nam a2200145Ia 4500
008
151213s9999 xx 000 0 und d
100
_a
মুনীর চেীধুরী।
245
_a
দন্ডকারণ্য।
_c
মুনীর চেীধুরী।
260
_a
ঢাকা
_b
সৈয়দ মো: শফি।
300
_a
8640 p.
650
_a
Bangla
650
_a
গল্প।
700
_a
মুনীর চেীধুরী।
999
_c
4427
_d
4427